Jornades tècniques: l’aplicació del RD sobre seguretat i salut a les obres de construcció : Barcelona, abril de 1998 l’aplicació del RD sobre seguretat i salut a les obres de construcció :
Publicado:
Barcelona :
Diputació de Barcelona. Àrea de Cooperació. Oficina Tècnica de Cooperació, [1998]
Descripción Física:
1 f. plegat en 3 parts : il. col., fot. ; 21 x 15 cm
MARC
| LEADER | 00000nam a2200000Ia 4500 | ||
|---|---|---|---|
| 001 | 24585 | ||
| 008 | 160829s9999 xx 000 0 cat d | ||
| 080 | |a FU-67-76 | ||
| 245 | |a Jornades tècniques: |b l’aplicació del RD sobre seguretat i salut a les obres de construcció : |b Barcelona, abril de 1998 | ||
| 260 | |a Barcelona : |b Diputació de Barcelona. Àrea de Cooperació. Oficina Tècnica de Cooperació, [1998] | ||
| 300 | |a 1 f. plegat en 3 parts : |b il. col., fot. ; |c 21 x 15 cm | ||
| 590 | |a Inclou el programa de les jornades i una butlleta d'inscripció | ||
| 650 | |a Construcció |x Mesures de seguretat |x Barcelona (Província) |9 49968 | ||
| 710 | |a Barcelona (Catalunya : Província). |b Oficina Tècnica de Cooperació |9 53580 | ||
| 901 | |a Arxiu | ||
| 942 | |n 1 | ||
| 952 | |0 0 |1 0 |4 0 |6 FU6776 |7 1 |9 55709 |a Arxiu |b Arxiu |d 2016-12-01 |l 0 |o FU-67-76 |p 24585 |r 2016-12-01 00:00:00 |w 2016-12-01 |y ARXIU | ||
| 999 | |c 59582 |d 59582 | ||